000 00462nam a2200181Ia 4500
001 25431
005 20260414151149.0
008 260414t1990||||xx |||||||||||||| ||spa||
041 _aESP
082 _a346.5
_bR91 1989
100 _aRubio Correal, Marcial
_eAUT
245 0 _aLa invalidez del acto jurídico :
_bnulidad y anulabilidad
260 _c1990
300 _a139 páginas :
_c20 cm.
650 _aDER
654 _aCDE
942 _cLIB
_dJUS
_fJUS
_2ddc
_n
999 _c25431
_d25431